000 00652nam a2200217Ii 4500
003 JO-AjNU
008 230606s9999||||xx |||||||||||||| ||und||
020 _a978-0-19-960111-0
040 _aJO-AjNU
_beng
_erda
_cJO-AjNU
041 _aeng
050 1 4 _aPE1580.2011
100 3 _aStevenson, Angus, waite,maurice,
_eauthor
_91679
245 0 0 _aConcise Oxford English dictionary
250 _a12 ed
264 3 1 _aOxford (New York): Oxford University Press,2011
300 _a1682p
336 _atext
_btxt
_2rdacontent
337 _aunmediated
_bn
_2rdamedia
338 _avolume
_bnc
_2rdacarrier
650 4 _aEnglish language -- Dictionaries
_91680
999 _aE880
_c880
_d880